|
|
|
|
| LEADER |
00968nam a2200253 a 4500 |
| 001 |
613059 |
| 003 |
BD-DhAAL |
| 008 |
090809r20011987enk 000 0 eng d |
| 999 |
|
|
|c 3371
|d 3371
|
| 020 |
|
|
|a 0141186755
|
| 040 |
|
|
|a UMC
|c UMC
|d BD-DhAAL
|
| 082 |
0 |
0 |
|a 823.8
|2 21
|
| 100 |
1 |
|
|a Kipling, Rudyard,
|d 1865-1936.
|9 28393
|
| 240 |
1 |
0 |
|a Selections.
|f 1987
|
| 245 |
1 |
0 |
|a Selected stories /
|c Rudyard Kipling ; edited by Andrew Rutherford.
|
| 260 |
|
|
|a Harmondsworth, Middlesex, England ;
|a New York, N.Y., U.S.A. :
|b Penguin,
|c 1987.[reprinted 2001]
|
| 300 |
|
|
|a 525 pages ;
|c 20 cm.
|
| 490 |
0 |
|
|a Penguin classics
|
| 541 |
1 |
|
|e 00013921
|
| 653 |
|
0 |
|a Short stories in English
|a 1837-1900
|a Texts
|
| 700 |
1 |
|
|a Rutherford, Andrew.
|9 28394
|
| 852 |
4 |
|
|a Ayesha Abed Library
|j General Shelf.
|
| 942 |
|
|
|2 ddc
|c BK
|
| 952 |
|
|
|0 0
|1 0
|2 ddc
|4 0
|6 823_800000000000000_KIP
|7 0
|9 3062
|a BRACUL
|b BRACUL
|c GEN
|d 2009-08-31
|g 540.00
|l 13
|m 90
|o 823.8 KIP
|p 3010013921
|r 2025-08-04
|s 2025-07-28
|t 1
|w 2009-08-31
|y BK
|